<?xml version="1.0" encoding="UTF-8"?><?xml-stylesheet type="text/xsl" href="static/style.xsl"?><OAI-PMH xmlns="http://www.openarchives.org/OAI/2.0/" xmlns:xsi="http://www.w3.org/2001/XMLSchema-instance" xsi:schemaLocation="http://www.openarchives.org/OAI/2.0/ http://www.openarchives.org/OAI/2.0/OAI-PMH.xsd"><responseDate>2026-06-07T16:09:18Z</responseDate><request verb="GetRecord" identifier="oai:docta.ucm.es:20.500.14352/116257" metadataPrefix="marc">https://docta.ucm.es/rest/oai/request</request><GetRecord><record><header><identifier>oai:docta.ucm.es:20.500.14352/116257</identifier><datestamp>2025-01-28T00:54:10Z</datestamp><setSpec>com_20.500.14352_14</setSpec><setSpec>col_20.500.14352_15</setSpec></header><metadata><record xmlns="http://www.loc.gov/MARC21/slim" xmlns:dcterms="http://purl.org/dc/terms/" xmlns:xsi="http://www.w3.org/2001/XMLSchema-instance" xmlns:doc="http://www.lyncode.com/xoai" xsi:schemaLocation="http://www.loc.gov/MARC21/slim http://www.loc.gov/standards/marcxml/schema/MARC21slim.xsd">
   <leader>00925njm 22002777a 4500</leader>
   <datafield ind2=" " ind1=" " tag="042">
      <subfield code="a">dc</subfield>
   </datafield>
   <datafield ind2=" " ind1=" " tag="720">
      <subfield code="a">Gonzalez-Quevedo, Rosa</subfield>
      <subfield code="e">author</subfield>
   </datafield>
   <datafield ind2=" " ind1=" " tag="720">
      <subfield code="a">Iniesta Serrano, María Pilar</subfield>
      <subfield code="e">author</subfield>
   </datafield>
   <datafield ind2=" " ind1=" " tag="720">
      <subfield code="a">Moran, Alberto</subfield>
      <subfield code="e">author</subfield>
   </datafield>
   <datafield ind2=" " ind1=" " tag="720">
      <subfield code="a">Juan Chocano, María Del Carmen De</subfield>
      <subfield code="e">author</subfield>
   </datafield>
   <datafield ind2=" " ind1=" " tag="720">
      <subfield code="a">Sánchez Pernaute, Andrés</subfield>
      <subfield code="e">author</subfield>
   </datafield>
   <datafield ind2=" " ind1=" " tag="720">
      <subfield code="a">Fernandez, Cristina</subfield>
      <subfield code="e">author</subfield>
   </datafield>
   <datafield ind2=" " ind1=" " tag="720">
      <subfield code="a">Torres García, Antonio José</subfield>
      <subfield code="e">author</subfield>
   </datafield>
   <datafield ind2=" " ind1=" " tag="720">
      <subfield code="a">Díaz-Rubio García, Eduardo</subfield>
      <subfield code="e">author</subfield>
   </datafield>
   <datafield ind2=" " ind1=" " tag="720">
      <subfield code="a">Balibrea Cantero, José Luis</subfield>
      <subfield code="e">author</subfield>
   </datafield>
   <datafield ind2=" " ind1=" " tag="720">
      <subfield code="a">Benito De Las Heras, Manuel R.</subfield>
      <subfield code="e">author</subfield>
   </datafield>
   <datafield ind2=" " ind1=" " tag="260">
      <subfield code="c">2002-01-01</subfield>
   </datafield>
   <datafield ind2=" " ind1=" " tag="520">
      <subfield code="a">Purpose: Telomerase activity and p16 expression can be considered two of the most important molecular markers implicated in tumorigenesis. Our main aim was to study the cooperative role of both molecular alterations in the prognosis of patients surgically resected for non-small-cell lung cancer (NSCLC).

Patients and Methods: We have determined telomerase activity and p16 expression in a series of 98 prospectively collected NSCLC specimens obtained from patients who had undergone surgery without other treatment. Telomerase activity was investigated by a telomeric repeat amplification protocol enzyme-linked immunosorbent assay-based procedure, and p76 expression was examined by Western blot. Associations with survival were evaluated.

Results: positive results for telomerase activity were found in 82% of the cases, and this variable correlated with poor differentiation and recurrence of tumors. Lack of p 16 expression was observed in 61% of tumors, and a significant association with tumor recurrence was also observed. By univariate analysis, both negative telomerase activity and p 16-positive expression were significantly correlated with a better prognosis. Moreover, statistics for equality of survival distributions for telomerase, adjusted for p 16, indicated a positive interaction between both parameters. For telomerase-positive tumors, p 16 expression emerged as a significant independent protective variable, as indicated by Cox multivariate analysis (relative risk [RR], 0.214; P =.014). This protective effect was maintained only for stage I and tumors (RR, 0.108; P =.046).

Conclusion: These results suggest that the combined telomerase activity and p 16 expression analyses may be of prognostic importance in NSCLC, especially for patients affected by stage I and II tumors. (C) 2001 by American Society of Clinical Oncology.</subfield>
   </datafield>
   <datafield ind1="8" ind2=" " tag="024">
      <subfield code="a">González-Quevedo R, Iniesta P, Morán A, de Juan C, Sánchez-Pernaute A, Fernández C, Torres A, Díaz-Rubio E, Balibrea JL, Benito M. Cooperative role of telomerase activity and p16 expression in the prognosis of non-small-cell lung cancer. J Clin Oncol. 2002 Jan 1;20(1):254-62. doi: 10.1200/JCO.2002.20.1.254. PMID: 11773177</subfield>
   </datafield>
   <datafield ind1="8" ind2=" " tag="024">
      <subfield code="a">0732-183X</subfield>
   </datafield>
   <datafield ind1="8" ind2=" " tag="024">
      <subfield code="a">10.1200/jco.20.1.254</subfield>
   </datafield>
   <datafield ind1="8" ind2=" " tag="024">
      <subfield code="a">https://hdl.handle.net/20.500.14352/116257</subfield>
   </datafield>
   <datafield ind1="8" ind2=" " tag="024">
      <subfield code="a">1527-7755</subfield>
   </datafield>
   <datafield ind1="8" ind2=" " tag="024">
      <subfield code="a">https://doi.org/10.1200/jco.20.1.254</subfield>
   </datafield>
   <datafield ind1="8" ind2=" " tag="024">
      <subfield code="a">https://ascopubs.org/journal/jco</subfield>
   </datafield>
   <datafield ind1="8" ind2=" " tag="024">
      <subfield code="a">https://pubmed.ncbi.nlm.nih.gov/11773177/</subfield>
   </datafield>
   <datafield ind2="0" ind1="0" tag="245">
      <subfield code="a">Cooperative Role of Telomerase Activity and p16 Expression in the Prognosis of Non-Small-Cell Lung Cancer</subfield>
   </datafield>
</record></metadata></record></GetRecord></OAI-PMH>